000 00215nam a22000857a 4500
008 160706b xxu||||| |||| 00| 0 eng d
100 _92374
_a Taylor, K.N
245 _aEvolution
260 _aWheaton
_bTyndale House
_c1969
999 _c2050
_d2050